000 00411nam a2200169Ia 4500
008 180921t2015 xxu||||| |||| 00| 0 eng d
041 _aeng
080 _a8-31
_bSAN
100 _aSanthan, Ayathurai
245 _aRails Run Parallel
246 _aRails Run Parallel
260 _bpawprint
_aColombo
_c2015
300 _a157p, 18cm
942 _cBK
999 _c10351
_d10351
003 LK-CoDNM
040 _aLK-CoDNM
_dLK-CoDNM
_eLK-CoDNM